000 00342nam a22001217a 4500
082 _a681.2 MOR'P
100 _aMORRIS, ALAN S
_958932
245 _aPRINCIPLES OF MEASUREMENT AND INSTRUMENTATION
260 _aNEWYORK
_bPRENTICE HALL
_c1988
300 _a216P
650 _aENGINEERING INSTRUMENTS ENGINEERING MEASUREMENTS
_965499
942 _cBK
999 _c573686
_d573686